Spielberg Movie Titles by Synonym - Statistics

General Stats
  • This quiz has been taken 31 times
  • The average score is 8 of 16
Answer Stats
Hint Answer % Correct
Seize Me If Possible Catch Me If You Can
96%
Post-Triassic Plaza Jurassic Park
93%
München Munich
81%
Mandibles Jaws
70%
Combat of the Planets War of the Worlds
67%
The Hue Indigo The Color Purple
63%
Conflict Equine War Horse
59%
Crossing of Agents Bridge of Spies
56%
Proximate Experiences of the Tertiary Variety Close Encounters of the Third Kind
56%
Pirates of the Misplaced Repository Raiders of the Lost Ark
56%
Prepare First Competitor Ready Player One
52%
Eternally Always
41%
Commonwealth of the Daylight Empire of the Sun
33%
Outvoted Account Minority Report
15%
Clasp Hook
4%
The Oracle The Visionary
0%
No matching quizzes found
Score Distribution
Percent of People with Each Score
Percentile by Number Answered
Your Score History
You have not taken this quiz